SPIRS User's Manual

Gespeichert in:
Bibliographische Detailangaben
Format: Buch
Sprache:Englisch
Veröffentlicht: Norwood Silverplatter 1992
Ausgabe:2. ed.
Schlagworte:
Tags: Tag hinzufügen
Keine Tags, Fügen Sie das erste Tag hinzu!

MARC

LEADER 00000nam a2200000 4500
001 c002339
005 20221221080412.9
041 0 |a eng 
044 |a US 
245 1 0 |a SPIRS User's Manual 
250 |a 2. ed. 
264 1 |a Norwood  |b Silverplatter  |c 1992 
300 |a Prer. s. 
610 2 0 |a SPIRS 
610 2 0 |a používatelia 
610 2 0 |a operátori 
610 2 0 |a báza dát 
610 2 0 |a výskum 
610 2 0 |a tezaury 
610 2 0 |a programovanie 
610 2 0 |a softvér 
610 2 0 |a hardvér